000 00857nam a2200253Ia 4500
003 OSt
005 20221005113323.0
006 a|||||r|||| 00| 0
007 ta
008 221004b |||||||| |||| 00| 0 urd d
020 _a9788130202846 (pbk)
_c700
024 _a26484
037 _b985, 16/12/2015, H.K. Prakashan
_cTextual
040 _aCRL
_cCRL
_burd
041 _2urd
_aurd
082 _aO168,1M77x, 153Q4
100 _aਨਦੀਮ ਅਹਿਮਦ
245 0 _aਕੁੱਲੀਯਾਤ - ਏ - ਇਕਬਾਲ
260 _aਪਟਿਆਲਾ
_bਪਬਲੀਕੇFਨ ਬਿਊਰੋ ਭਾਰਤ
_c2014
300 _a743ਪੰ
_ccm.
650 _aਉਰਦੂ ਸਾਹਿਤ
942 _hO168,1M77x, 153Q4
_cTEXL
_2cc
999 _c1027785
_d1027785